000 01251nam0a22002771 4500
001 rc\698209
005 20260409070239.0
035 _a(NLR Aleph) 005934334
090 _a6611842
_c6611842
100 _a20031121d1985 |||y0rusy50 ca
101 0 _arus
102 _aRU
105 _ay |||||||||
200 1 _a40-летие Победы советского народа в Великой Отечественной войне
_e(Метод. рекомендации в помощь докладчикам, пропагандистам, политинформаторам, лекторам)
_fКир. райком КПСС. Отд. пропаганды и агитации. Каб. полит. просвещения
210 _a[Л.]
_cБ. и.
_d1985
215 _a[1], 20 с.
_d30
320 _aБиблиогр.: с. 20
606 _aВеликая Отечественная война
_z1941 - 1945
_xГодовщины
_3RU\NLR\AUTH\66187542
_91237240
686 1 _aЦ35(2)722,021.2
712 0 2 _aКПСС
_bЛенинградская гор. организация
_bКировский район. ком.
801 0 _aRU
_bNLR
_gpsbo
801 1 _aRU
_bELAR
_2rusmarc
852 _aNLR
_j85-9/96
942 _cBOOK
980 _aNB